000
00217 a2200097 4500
001
25547
100
_a
Belevtsev, A
245
_a
Radio Circuit construction
260
_a
_b
Mir Publisher
_c
1968
090
_c
17269
_d
17269
942
_a
NUST-CAE
_c
M
_c
8079
999
_c
260620
_d
260620